00592 2200217 4500001002100000005001500021035002000036007000300056008004100059020002200100082001100122084001500133100004100148245006900189260003300258300003200291650002000323700000900343990001100352990001100363INLIS00000000000454420191129092707 a0010-1119000171ta191129 g 0 ind  a978-602-95308-6-5 a398.21 a398.21 KUM0 aKUMPULAN, Dongeng Anak Seluruh Dunia1 aKumpulan Dongeng Anak Seluruh Dunia /cTim Familia; editor, Qoni ayogyakarta :bFamilia,c2017 a146 hlm. :bilus. ;c23 cm. 4aFOKLOR. DONGENG0 aQONI a7195 a a7195 b